| 000 -NÁVESTIE |
| fixed length control field |
00526nam a2200181 a 4500 |
| 008 - ÚDAJE S PEVNOU DĹŽKOU – VŠEOBECNÉ INFORMÁCIE |
| fixed length control field |
951121s1975||||[C 0 slo c |
| 040 ## - ZDROJ KATALOGIZÁCIE |
| Pôvodná katalogizujúca agentúra |
SNK |
| Jazyk katalogizácie |
slo |
| Prepisujúca agentúra |
SNK |
| Konvencie popisu |
AACR2 |
| 041 1# - KÓD JAZYKA |
| Kód jazyka textu/zvukovej stopy alebo samostatných nápisov |
slo |
| Kód jazyka originálu a/alebo sprostredkujúcich prekladov textu |
eng |
| 044 ## - KÓD KRAJINY VYDAVATEĽA/PRODUCENTA |
| Kód krajiny MARC |
xo |
| Kód krajiny ISO |
SK |
| 080 ## - ČÍSLO MEDZINÁRODNÉHO DESATINNÉHO TRIEDENIA (MDT) |
| Číslo Medzinárodného desatinného triedenia (MDT) |
794.1(035) |
| 020 ## - MEDZINÁRODNÉ ŠTANDARDNÉ ČÍSLO KNIHY (ISBN) |
| Údaje o dostupnosti |
3 |
| 100 1# - OSOBNÉ MENÁ – VŠEOBECNÉ INFORMÁCIE |
| Kód roly |
aut |
| 245 10 - NÁZOV |
| Názov |
Pravidlá šachu |
| Údaj o zodpovednosti atď. |
Rudolf Blaho, Jozef Soršák, Bedrich Formánek ; Rudolf Blaho, Jozef Soršák, Bedrich Formánek |
| 260 ## - VYDAVATEĽSKÉ ÚDAJE, DISTRIBÚCIA ATĎ. |
| Miesto publikovania, distribúcie atď. |
Bratislava |
| Názov vydavateľa, distibútora atď. |
Šport |
| Dátum publikovania, distribúcie atď. |
1975 |
| Miesto výroby |
Bratislava |
| Výrobca |
SOU polygrafické |
| 300 ## - FYZICKÝ POPIS |
| Ďalšie fyzické detaily |
Tb. |
| 490 0# - EDÍCIA |
| Edícia |
Pravidlá |
| 958 ## - Formálny deskriptor |
| Formálny deskriptor |
A |